MARC

LEADER 00000nas a2200000 a 4500
001 ssj0039108
003 WaSeSS
005 20200512172242.0
006 m d
007 cr n
008 050620c20059999enkar sa 1 0eng c
010 |a  2005229069 
015 |a GBA561825  |2 bnb 
016 7 |a 975253999  |2 DE-101 
016 7 |a 2191680-9  |2 DE-600 
016 7 |a 101254910  |2 DNLM 
016 7 |a 013109384  |2 Uk 
022 |l 1746-6202  |y 1746-6202 
035 |a (WaSeSS)ssj0039108 
037 |b Taylor & Francis Group Ltd, 4 Park Square, Milton Park, Abingdon OX14 4RN, UK 
040 |a FUG  |b eng  |c FUG  |d NLM  |d NLGGC  |d UPM  |d AGL  |d OCLCQ  |d HEBIS  |d GBVCP  |d GWDNB  |d UKMGB  |d OCLCQ  |d AGL  |d OCLCF  |d OCLCQ  |d CUS  |d WaSeSS 
042 |a pcc 
050 4 |a SF481  |b .B75 
060 0 0 |a W1  |b BR747K 
070 0 |a SF481  |b .B75 
072 0 |a L100 
245 0 0 |a British poultry abstracts  |h [electronic resource]. 
260 |a Abingdon, OX :  |b Taylor & Francis,  |c 2005- 
310 |a Annual 
362 0 |a Vol. 1, no. 1 (Apr. 2005)- 
500 |a "British Poultry Abstracts is a journal which publishes summaries from key national and international meetings, under the aegis of British Poultry Science."--Page 2 of cover. 
500 |a Title from cover. 
506 |a License restrictions may limit access. 
588 |a Latest issue consulted: Vol. 8, issue 1 (2012); viewed May 14, 2013. 
650 0 |a Poultry  |v Abstracts  |v Periodicals. 
650 0 |a Poultry  |x Diseases  |v Abstracts  |v Periodicals. 
650 7 |a Poultry.  |2 fast  |0 (OCoLC)fst01073919 
650 7 |a Poultry  |x Diseases.  |2 fast  |0 (OCoLC)fst01073931 
650 1 7 |a Pluimveehouderij.  |2 gtt 
650 1 7 |a Pluimvee.  |2 gtt 
650 1 2 |a Poultry. 
650 2 2 |a Poultry Diseases. 
655 0 |a Electronic journals. 
710 2 |a British Poultry Science Ltd. 
787 1 |t British poultry science  |x 0007-1668  |w (DLC)sc 85001040  |w (OCoLC)1537355 
850 |a DNAL 
856 4 0 |z Full text available from Research Library: 11/01/2017 to 12/31/2017  |u https://search.proquest.com/publication/3933225 
856 4 0 |z Full text available from Research Library: 01/01/2019 to present  |u https://search.proquest.com/publication/3933225